000 00604nam a2200169 i 4500
001 bg
100 1 _aDZIDOWSKI, Edward Stanisław
245 0 _aMechanizm pękania poślizgowego w aspekcie dekohezji sterowanej metali /
_cEdward S. Dzidowski.
260 _aWrocław,
_c1990.
490 1 _aPrace Naukowe Instytutu Technologii Budowy Maszyn Politechniki Wrocławskiej ;
_vnr 44
830 _aPrace Naukowe Instytutu Technologii Budowy Maszyn Politechniki Wrocławskiej ;
040 _cBPK
041 _apol
080 _a539.4:621.78:669.1
942 _cKS
008 s pl f |000 0 pol
999 _c29414
_d29414
856 _uhttp://koha.tu.koszalin.pl/cgi-bin/koha/opac-detail.pl?biblionumber=29414
_yKatalog online BPK